| 000 | 03477nam a2200301Ia 4500 | ||
|---|---|---|---|
| 003 | OSt | ||
| 005 | 20210921131837.0 | ||
| 008 | 210310t1993 mx ad fr 100 0 spa d | ||
| 020 | _a9681642457 | ||
| 040 |
_aCO-JMCR _cCO-JMCR |
||
| 041 | 1 |
_aspa _heng |
|
| 082 | 0 | 4 |
_a338.972 / _bA838c _223 |
| 100 | 1 |
_aAspe Armella, Pedro, _917733 _eautor |
|
| 245 | 1 | 3 |
_aEl camino mexicano de la transformación económica / _cPedro Aspe Armella |
| 250 | _aSegunda edición | ||
| 260 |
_aMéxico : _bFondo de Cultura Económica, _c©1993 |
||
| 300 |
_a215 páginas : _bilustraciones y gráficas a blanco y negro ; _c23 cm. |
||
| 490 | 0 | _aTextos de economía | |
| 500 | _aIncluye notas a pie de página. Título original: Economic transformation: the Mexican Way Catedra en el ciclo de conferencias The Lionel Robbins Lectures 1992 de la London School of Economics | ||
| 504 | _aIncluye bibliografía al final de cada capítulo. | ||
| 505 | 0 | _aAjuste macroeconómico y concertación social: El programa de estabilización en México (1983-1991) -- Reforma financiera y fiscal -- Cambio estructural del sector externo -- Reflexiones en torno a la experiencia mexicana de privatización -- Perspectivas económicas de México: El nuevo mecanismo de transmisión | |
| 520 | 3 | _aParticipe de la instrumentación del programa de estabilización emprendido en México a partir de 1983, Pedro Aspe Armella ha sido testigo y actor privilegiado de las grandes transformaciones de la economía nacional durante la última década El camino mexicano de la transformación económica no se circunscribe a relatar los logros de la estrategia económica, sino que explica con rigor académico por qué la transformación de la economía mexicana trasciende los hechos meramente económicos para permear el contexto político y social del México contemporáneo. El lector encontrará a lo largo del libro el relato de diversas medidas adoptadas por el gobierno mexicano para superar la crisis de 1982. así como una amplia descripción de las acciones posteriores que dieron ple a nuevas relaciones económicas en el país; el cómo y el por qué de las reformas fiscal y financiera, la transición a una economía abierta y la experiencia de la privatización. Y más allá encontrará la visión prospectiva del autor sobre las consecuencias de estos cambios, a mediano mediano y largo plazo, para las futuras generaciones de mexicanos. Signo de los tiempos de modernidad en que vivimos, este libro es un valioso aporte para los estudiosos de la economía, el testimonio de un servidor público en funciones; una referencia obligada para los interesados en la política económica emprendida por el gobierno mexicano. Pedro Aspe Armella nació en la ciudad de México en 1950. Estudió en el Instituto Tecnológico Autónomo de México (TAM), donde fue director de la carrera de economía, y obtuvo el doctorado de economía en el Instituto Tecnológico de Massachusetts (MIT). Fue presidente del Instituto Nacional de Estadística, Geografía e Informática (INEGI) de 1982 a 1985, subsecretario de Planeación y Control Presupuestal (1985-1987) y secretario de Programación y Presupuesto (1987-1988). Desde 1988 es secretario de Hacienda y Crédito Público. | |
| 546 | _aTraducido del inglés. | ||
| 650 | 1 | 4 |
_aPolítica económica _917735 _y1970-1994 _zMéxico |
| 650 | 2 | 4 |
_aPolítica fiscal _zMéxico _940669 |
| 650 | 2 | 4 |
_aEstabilización económica _zMéxico _940670 |
| 942 |
_2ddc _cBK |
||
| 999 |
_c8596 _d8596 |
||